<?xml version="1.0" encoding="UTF-8"?>
<record
    xmlns:xsi="http://www.w3.org/2001/XMLSchema-instance"
    xsi:schemaLocation="http://www.loc.gov/MARC21/slim http://www.loc.gov/standards/marcxml/schema/MARC21slim.xsd"
    xmlns="http://www.loc.gov/MARC21/slim">

  <leader>05238namaa22004331i 4500</leader>
  <controlfield tag="003">EG-GICUC</controlfield>
  <controlfield tag="005">20260406104119.0</controlfield>
  <controlfield tag="008">260313s2025    ua a|||frm||| 0|0 0 eng d</controlfield>
  <datafield tag="040" ind1=" " ind2=" ">
    <subfield code="a">EG-GICUC</subfield>
    <subfield code="b">eng</subfield>
    <subfield code="c">EG-GICUC</subfield>
    <subfield code="d">EG-GICUC</subfield>
    <subfield code="e">rda</subfield>
  </datafield>
  <datafield tag="041" ind1="0" ind2=" ">
    <subfield code="a">eng</subfield>
    <subfield code="b">eng</subfield>
    <subfield code="b">ara</subfield>
  </datafield>
  <datafield tag="049" ind1=" " ind2=" ">
    <subfield code="a">Deposit</subfield>
  </datafield>
  <datafield tag="082" ind1="0" ind2="4">
    <subfield code="a">310</subfield>
  </datafield>
  <datafield tag="092" ind1=" " ind2=" ">
    <subfield code="a">310</subfield>
    <subfield code="2">21</subfield>
  </datafield>
  <datafield tag="097" ind1=" " ind2=" ">
    <subfield code="a">M.Sc</subfield>
  </datafield>
  <datafield tag="099" ind1=" " ind2=" ">
    <subfield code="a">Cai01.03.01.M.Sc.2025.Ba.M</subfield>
  </datafield>
  <datafield tag="100" ind1="0" ind2=" ">
    <subfield code="a">Basma Gamal Abdelfattah Hassan,</subfield>
    <subfield code="e">preparation.</subfield>
  </datafield>
  <datafield tag="245" ind1="1" ind2="2">
    <subfield code="a">A multidimensional poverty index among egyptian youth: evidence from sype 2014 /</subfield>
    <subfield code="c">by Basma Gamal Abdelfattah Hassan ; Supervised Prof. Mohamed Ismail, Prof. Dina M. Armanious. </subfield>
  </datafield>
  <datafield tag="246" ind1="1" ind2="5">
    <subfield code="a">&#x62F;&#x631;&#x627;&#x633;&#x629; &#x645;&#x624;&#x634;&#x631; &#x627;&#x644;&#x641;&#x642;&#x631; &#x645;&#x62A;&#x639;&#x62F;&#x62F; &#x627;&#x644;&#x627;&#x628;&#x639;&#x627;&#x62F; &#x628;&#x64A;&#x646; &#x627;&#x644;&#x634;&#x628;&#x627;&#x628; &#x627;&#x644;&#x645;&#x635;&#x631;&#x64A; - &#x623;&#x62F;&#x644;&#x629; &#x645;&#x646;  SYPE 2014  </subfield>
  </datafield>
  <datafield tag="264" ind1=" " ind2="0">
    <subfield code="c">2025.</subfield>
  </datafield>
  <datafield tag="300" ind1=" " ind2=" ">
    <subfield code="a">74 pages : </subfield>
    <subfield code="b">illustrations ;</subfield>
    <subfield code="c">30 cm. + </subfield>
    <subfield code="e">CD.</subfield>
  </datafield>
  <datafield tag="336" ind1=" " ind2=" ">
    <subfield code="a">text</subfield>
    <subfield code="2">rda content</subfield>
  </datafield>
  <datafield tag="337" ind1=" " ind2=" ">
    <subfield code="a">Unmediated</subfield>
    <subfield code="2">rdamedia</subfield>
  </datafield>
  <datafield tag="338" ind1=" " ind2=" ">
    <subfield code="a">volume</subfield>
    <subfield code="2">rdacarrier</subfield>
  </datafield>
  <datafield tag="502" ind1=" " ind2=" ">
    <subfield code="a">Thesis (M.Sc)-Cairo University, 2025.</subfield>
  </datafield>
  <datafield tag="504" ind1=" " ind2=" ">
    <subfield code="a">Bibliography: pages 73-74. </subfield>
  </datafield>
  <datafield tag="520" ind1=" " ind2="3">
    <subfield code="a">In recent years, there has been an increasing emphasis on addressing poverty, 
particularly in developing countries, following the United Nations' declaration of the 
Sustainable Development Goals in 2015. This thesis applies the Alkire and Foster 
methodology to construct a multidimensional index for assessing poverty among 
young people in Egypt. The study also employs parsimony analysis to evaluate the 
complexity of the index and uses sensitivity analysis to assess its robustness. 

The analysis is based on data from 2014 Survey of Young People in Egypt 
SYPE, focusing on poverty from a deprivation perspective. The thesis is structured 
into six chapters. The first chapter presents the introduction, research objectives, and 
the structure of the study. Chapter two reviews the relevant literature and outlines the 
conceptual framework. Chapter three details the data source, data preparation, and 
methodology, including the proposed Multidimensional Poverty Index 
(MPI_YOUTH). Chapter four presents the results of the MPI_YOUTH for Egyptian 
youth in 2014. Chapter five examines the parsimony and robustness of the index. 
Finally, chapter six provides the thesis conclusion and offers recommendations based 
on the findings. </subfield>
  </datafield>
  <datafield tag="520" ind1=" " ind2="3">
    <subfield code="a">&#x644;&#x637;&#x627;&#x644;&#x645;&#x627; &#x643;&#x627;&#x646; &#x642;&#x64A;&#x627;&#x633; &#x627;&#x644;&#x641;&#x642;&#x631; &#x645;&#x646; &#x62E;&#x644;&#x627;&#x644; &#x646;&#x647;&#x62C; &#x627;&#x644;&#x62D;&#x631;&#x645;&#x627;&#x646; &#x645;&#x62A;&#x639;&#x62F;&#x62F; &#x627;&#x644;&#x623;&#x628;&#x639;&#x627;&#x62F; &#x645;&#x643;&#x645;&#x644;&#x627;&#x64B; &#x644;&#x644;&#x637;&#x631;&#x642; &#x627;&#x644;&#x62A;&#x642;&#x644;&#x64A;&#x62F;&#x64A;&#x629; &#x627;&#x644;&#x642;&#x627;&#x626;&#x645;&#x629; &#x639;&#x644;&#x649; &#x627;&#x644;&#x62F;&#x62E;&#x644;. &#x648;&#x642;&#x62F; &#x642;&#x627;&#x645; &#x627;&#x644;&#x628;&#x627;&#x62D;&#x62B;&#x648;&#x646; &#x628;&#x62A;&#x643;&#x64A;&#x64A;&#x641; &#x645;&#x624;&#x634;&#x631; &#x627;&#x644;&#x641;&#x642;&#x631; &#x645;&#x62A;&#x639;&#x62F;&#x62F; &#x627;&#x644;&#x623;&#x628;&#x639;&#x627;&#x62F; &#x627;&#x644;&#x623;&#x635;&#x644;&#x64A; (MPI) &#x644;&#x64A;&#x639;&#x643;&#x633; &#x628;&#x634;&#x643;&#x644; &#x623;&#x641;&#x636;&#x644; &#x627;&#x644;&#x62E;&#x635;&#x627;&#x626;&#x635; &#x627;&#x644;&#x641;&#x631;&#x64A;&#x62F;&#x629; &#x644;&#x644;&#x62F;&#x648;&#x644; &#x627;&#x644;&#x645;&#x62E;&#x62A;&#x644;&#x641;&#x629;&#x60C; &#x645;&#x645;&#x627; &#x623;&#x62F;&#x649; &#x625;&#x644;&#x649; &#x62A;&#x637;&#x648;&#x64A;&#x631; &#x645;&#x624;&#x634;&#x631;&#x627;&#x62A; &#x648;&#x637;&#x646;&#x64A;&#x629; &#x62A;&#x62E;&#x62A;&#x644;&#x641; &#x645;&#x646; &#x62D;&#x64A;&#x62B; &#x627;&#x644;&#x645;&#x624;&#x634;&#x631;&#x627;&#x62A;&#x60C; &#x648;&#x627;&#x644;&#x623;&#x648;&#x632;&#x627;&#x646;&#x60C; &#x648;&#x645;&#x633;&#x62A;&#x648;&#x64A;&#x627;&#x62A; &#x627;&#x644;&#x641;&#x642;&#x631;.
&#x62A;&#x645;&#x62B;&#x644; &#x647;&#x630;&#x647; &#x627;&#x644;&#x62F;&#x631;&#x627;&#x633;&#x629; &#x627;&#x644;&#x645;&#x62D;&#x627;&#x648;&#x644;&#x629; &#x627;&#x644;&#x623;&#x648;&#x644;&#x649; &#x644;&#x62A;&#x637;&#x648;&#x64A;&#x631; &#x645;&#x624;&#x634;&#x631; &#x627;&#x644;&#x641;&#x642;&#x631; &#x645;&#x62A;&#x639;&#x62F;&#x62F; &#x627;&#x644;&#x623;&#x628;&#x639;&#x627;&#x62F; &#x644;&#x644;&#x634;&#x628;&#x627;&#x628; &#x641;&#x64A; &#x645;&#x635;&#x631; (MDPI)&#x60C; &#x628;&#x627;&#x633;&#x62A;&#x62E;&#x62F;&#x627;&#x645; &#x627;&#x644;&#x623;&#x641;&#x631;&#x627;&#x62F; &#x648;&#x644;&#x64A;&#x633; &#x627;&#x644;&#x623;&#x633;&#x631; &#x643;&#x648;&#x62D;&#x62F;&#x629; &#x644;&#x644;&#x62A;&#x62D;&#x644;&#x64A;&#x644;&#x60C; &#x645;&#x646; &#x62E;&#x644;&#x627;&#x644; &#x62A;&#x637;&#x628;&#x64A;&#x642; &#x645;&#x646;&#x647;&#x62C;&#x64A;&#x629; &#x623;&#x644;&#x643;&#x64A;&#x631; &#x648;&#x641;&#x648;&#x633;&#x62A;&#x631;. &#x62A;&#x633;&#x62A;&#x646;&#x62F; &#x628;&#x64A;&#x627;&#x646;&#x627;&#x62A; &#x628;&#x646;&#x627;&#x621; &#x627;&#x644;&#x645;&#x624;&#x634;&#x631; &#x625;&#x644;&#x649; &#x623;&#x62D;&#x62F;&#x62B; &#x645;&#x633;&#x62D; &#x644;&#x644;&#x634;&#x628;&#x627;&#x628; &#x641;&#x64A; &#x645;&#x635;&#x631; (SYPE&#x60C; 2014)&#x60C; &#x645;&#x639; &#x627;&#x644;&#x62A;&#x631;&#x643;&#x64A;&#x632; &#x639;&#x644;&#x649; &#x627;&#x644;&#x623;&#x641;&#x631;&#x627;&#x62F; &#x627;&#x644;&#x630;&#x64A;&#x646; &#x62A;&#x62A;&#x631;&#x627;&#x648;&#x62D; &#x623;&#x639;&#x645;&#x627;&#x631;&#x647;&#x645; &#x628;&#x64A;&#x646; 14 &#x648;35 &#x639;&#x627;&#x645;&#x64B;&#x627;&#x60C; &#x648;&#x627;&#x644;&#x630;&#x64A;&#x646; &#x64A;&#x645;&#x62B;&#x644;&#x648;&#x646; &#x62C;&#x632;&#x621;&#x64B;&#x627; &#x643;&#x628;&#x64A;&#x631;&#x64B;&#x627; &#x645;&#x646; &#x633;&#x643;&#x627;&#x646; &#x645;&#x635;&#x631;. &#x64A;&#x62A;&#x643;&#x648;&#x646; &#x627;&#x644;&#x645;&#x624;&#x634;&#x631; &#x645;&#x646; &#x623;&#x631;&#x628;&#x639;&#x629; &#x623;&#x628;&#x639;&#x627;&#x62F;: &#x627;&#x644;&#x625;&#x633;&#x643;&#x627;&#x646; &#x648;&#x627;&#x644;&#x62E;&#x62F;&#x645;&#x627;&#x62A; &#x627;&#x644;&#x623;&#x633;&#x627;&#x633;&#x64A;&#x629;&#x60C; &#x627;&#x644;&#x62A;&#x639;&#x644;&#x64A;&#x645;&#x60C; &#x627;&#x644;&#x639;&#x645;&#x644; &#x648;&#x627;&#x644;&#x62D;&#x645;&#x627;&#x64A;&#x629; &#x627;&#x644;&#x627;&#x62C;&#x62A;&#x645;&#x627;&#x639;&#x64A;&#x629;&#x60C; &#x648;&#x627;&#x644;&#x635;&#x62D;&#x629; &#x648;&#x627;&#x644;&#x639;&#x646;&#x641;&#x60C; &#x648;&#x64A;&#x62A;&#x645; &#x62A;&#x642;&#x64A;&#x64A;&#x645; &#x643;&#x644; &#x628;&#x639;&#x62F; &#x645;&#x646; &#x62E;&#x644;&#x627;&#x644; &#x645;&#x624;&#x634;&#x631;&#x627;&#x62A; &#x645;&#x62D;&#x62F;&#x62F;&#x629; &#x62A;&#x639;&#x643;&#x633; &#x62C;&#x648;&#x627;&#x646;&#x628; &#x645;&#x62E;&#x62A;&#x644;&#x641;&#x629; &#x645;&#x646; &#x627;&#x644;&#x641;&#x642;&#x631;. &#x62A;&#x633;&#x62A;&#x643;&#x634;&#x641; &#x627;&#x644;&#x62F;&#x631;&#x627;&#x633;&#x629; &#x623;&#x64A;&#x636;&#x64B;&#x627; &#x628;&#x633;&#x627;&#x637;&#x629; &#x627;&#x644;&#x645;&#x624;&#x634;&#x631;&#x627;&#x62A; &#x628;&#x627;&#x633;&#x62A;&#x62E;&#x62F;&#x627;&#x645; &#x637;&#x631;&#x642; &#x645;&#x62E;&#x62A;&#x644;&#x641;&#x629; &#x644;&#x644;&#x627;&#x631;&#x62A;&#x628;&#x627;&#x637;&#x60C; &#x643;&#x645;&#x627; &#x62A;&#x642;&#x64A;&#x645; &#x645;&#x62F;&#x649; &#x62B;&#x628;&#x627;&#x62A; &#x627;&#x644;&#x645;&#x624;&#x634;&#x631; &#x645;&#x646; &#x62E;&#x644;&#x627;&#x644; &#x62A;&#x62D;&#x644;&#x64A;&#x644; &#x627;&#x644;&#x62D;&#x633;&#x627;&#x633;&#x64A;&#x629;.
&#x62A;&#x634;&#x64A;&#x631; &#x627;&#x644;&#x646;&#x62A;&#x627;&#x626;&#x62C; &#x628;&#x634;&#x643;&#x644; &#x639;&#x627;&#x645; &#x625;&#x644;&#x649; &#x623;&#x646; &#x62D;&#x648;&#x627;&#x644;&#x64A; 54% &#x645;&#x646; &#x627;&#x644;&#x634;&#x628;&#x627;&#x628; &#x643;&#x627;&#x646;&#x648;&#x627; &#x64A;&#x639;&#x627;&#x646;&#x648;&#x646; &#x645;&#x646; &#x627;&#x644;&#x641;&#x642;&#x631; &#x645;&#x62A;&#x639;&#x62F;&#x62F; &#x627;&#x644;&#x623;&#x628;&#x639;&#x627;&#x62F; &#x641;&#x64A; &#x639;&#x627;&#x645; 2014 &#x641;&#x64A; &#x645;&#x635;&#x631;&#x60C; &#x645;&#x639; &#x648;&#x62C;&#x648;&#x62F; &#x641;&#x631;&#x648;&#x642;&#x627;&#x62A; &#x643;&#x628;&#x64A;&#x631;&#x629; &#x628;&#x64A;&#x646; &#x627;&#x644;&#x645;&#x646;&#x627;&#x637;&#x642; &#x627;&#x644;&#x631;&#x64A;&#x641;&#x64A;&#x629; &#x648;&#x627;&#x644;&#x62D;&#x636;&#x631;&#x64A;&#x629;. &#x648;&#x64A;&#x638;&#x647;&#x631; &#x627;&#x644;&#x62A;&#x62D;&#x644;&#x64A;&#x644; &#x627;&#x644;&#x625;&#x62D;&#x635;&#x627;&#x626;&#x64A; &#x644;&#x644;&#x645;&#x624;&#x634;&#x631; &#x623;&#x646;&#x647; &#x64A;&#x639;&#x643;&#x633; &#x62D;&#x627;&#x644;&#x629; &#x627;&#x644;&#x641;&#x642;&#x631; &#x628;&#x634;&#x643;&#x644; &#x62C;&#x64A;&#x62F;&#x60C; &#x645;&#x639; &#x627;&#x644;&#x62D;&#x641;&#x627;&#x638; &#x639;&#x644;&#x649; &#x628;&#x633;&#x627;&#x637;&#x629; &#x646;&#x633;&#x628;&#x64A;&#x629; &#x648;&#x62B;&#x628;&#x627;&#x62A; &#x639;&#x627;&#x644;&#x64D; &#x639;&#x646;&#x62F; &#x62A;&#x63A;&#x64A;&#x631; &#x627;&#x644;&#x623;&#x648;&#x632;&#x627;&#x646; &#x648;&#x627;&#x644;&#x645;&#x624;&#x634;&#x631;&#x627;&#x62A; &#x648;&#x645;&#x633;&#x62A;&#x648;&#x649; &#x627;&#x644;&#x641;&#x642;&#x631;.</subfield>
  </datafield>
  <datafield tag="530" ind1=" " ind2=" ">
    <subfield code="a">Issues also as CD.</subfield>
  </datafield>
  <datafield tag="546" ind1=" " ind2=" ">
    <subfield code="a">Text in English and abstract in Arabic &amp; English.</subfield>
  </datafield>
  <datafield tag="650" ind1=" " ind2="0">
    <subfield code="a">Statistics</subfield>
  </datafield>
  <datafield tag="650" ind1=" " ind2="0">
    <subfield code="a">&#x627;&#x644;&#x627;&#x62D;&#x635;&#x627;&#x621; </subfield>
  </datafield>
  <datafield tag="653" ind1=" " ind2="1">
    <subfield code="a">MPI_YOUTH</subfield>
    <subfield code="a">Young People</subfield>
    <subfield code="a">Alkire and Foster Methodology</subfield>
    <subfield code="a">SYPE</subfield>
    <subfield code="a">Parsimony</subfield>
    <subfield code="a">Robustness</subfield>
    <subfield code="a">(MDPI) &#x645;&#x646;&#x647;&#x62C;&#x64A;&#x629; &#x623;&#x644;&#x643;&#x64A;&#x631; &#x648;&#x641;&#x648;&#x633;&#x62A;&#x631;</subfield>
    <subfield code="a">&#x645;&#x624;&#x634;&#x631; &#x627;&#x644;&#x641;&#x642;&#x631; &#x645;&#x62A;&#x639;&#x62F;&#x62F; &#x627;&#x644;&#x623;&#x628;&#x639;&#x627;&#x62F;</subfield>
  </datafield>
  <datafield tag="700" ind1="0" ind2=" ">
    <subfield code="a">Mohamed Ismail</subfield>
    <subfield code="e">thesis advisor.</subfield>
  </datafield>
  <datafield tag="700" ind1="0" ind2=" ">
    <subfield code="a">Dina M. Armanious</subfield>
    <subfield code="e">thesis advisor.</subfield>
  </datafield>
  <datafield tag="900" ind1=" " ind2=" ">
    <subfield code="b">01-01-2025</subfield>
    <subfield code="c">Mohamed Ismail</subfield>
    <subfield code="c">Dina M. Armanious</subfield>
    <subfield code="U">Cairo University</subfield>
    <subfield code="F">Faculty of Economics and Political Science </subfield>
    <subfield code="D">Department of Statistics </subfield>
  </datafield>
  <datafield tag="905" ind1=" " ind2=" ">
    <subfield code="a">Shimaa</subfield>
    <subfield code="e">Eman Ghareb</subfield>
  </datafield>
  <datafield tag="942" ind1=" " ind2=" ">
    <subfield code="2">ddc</subfield>
    <subfield code="c">TH</subfield>
    <subfield code="e">21</subfield>
    <subfield code="n">0</subfield>
  </datafield>
  <datafield tag="999" ind1=" " ind2=" ">
    <subfield code="c">179001</subfield>
  </datafield>
  <datafield tag="952" ind1=" " ind2=" ">
    <subfield code="2">ddc</subfield>
    <subfield code="9">315715</subfield>
    <subfield code="a">CUCL</subfield>
    <subfield code="b">cl210</subfield>
    <subfield code="d">2026-03-13</subfield>
    <subfield code="i">93547</subfield>
    <subfield code="o">Cai01.03.01.M.Sc.2025.Ba.M</subfield>
    <subfield code="p">01010110093547000</subfield>
    <subfield code="r">2026-03-13 15:33:49</subfield>
    <subfield code="w">2026-03-13</subfield>
    <subfield code="y">TH</subfield>
  </datafield>
</record>
